000 00268nam a2200109Ia 4500
008 200302s9999 xx 000 0 und d
100 _aAlvaro Siza
245 _aEL Croquis
260 _bel Sentido de Las Cosas the Meaning of Things
260 _c2008
300 _a322 P.,
999 _c2597
_d2597